000 00435cam a2200133 a 4500
020 _a9780763765941 (pbk. : alk. paper)
050 0 0 _aRA 781.7
_b.K68 2010
100 1 _aKraines, Minda Goodman.
245 1 0 _aYoga for the joy of it! /
_cMinda Goodman Kraines, Barbara Rose Sherman.
260 _aSudbury, Mass. :
_bJones and Bartlett Publishers,
_cc2010.
300 _axxii, 258 p. ;
700 1 _aSherman, Barbara Rose.
942 _2lcc
_cGEN
999 _c4636
_d4636